000 00874cam a2200229 4500
001 ABS62609
008 000000n2000 000 0 eng u
035 _a(Sirsi) u107379
100 _aColwell, A.
245 _aTowards a European framework for environmental liability
260 _c2000
490 _aTown & Country Planning
_v69(7/8) July/August 2000, 231-232(2)
520 _aDiscusses the White Paper on Environmental Liability adopted by the European Commission in February 2000. Examines how the implementation of key evironmental principles - such as the polluter pays - can be achieved effectively.
590 _aABS
650 _aEUROPEAN COMMISSION
650 _aENVIRONMENTAL LIABILITY
650 _aPOLLUTER PAYS PRINCIPLE
650 _aCONTAMINATED SITES
650 _aENVIRONMENTAL DAMAGE
690 _aENVIRONMENT-CONTAMINATION
942 _n0
999 _c64205
_d64205